00177nam a2200073Ia 4500008004100000100001100041245003400052260001700086170817s9999 xx 000 0 und d aSHARMA 0aAADHUNIK MANOVIGYAN KE AADHAR bH.P. BHARGAV